000 00780nam a2200241 a 4500
003 BLK
005 20250618114851.0
007 ta
008 221104b bu |||||r|||| 00| | bu d
020 _a978-954-26-2290-1
_q9789542622901
040 _aBLK
041 _aBUL
_cBUL
080 _9227592
_aБългарска литература
_b821.163.2
_x-31
_z821.163.2-31
084 _aЛ 17
100 _aЛалев, Цанко
_qДулев, Цанко Лалев
_9363801
245 _aДомът на пчелите
_cЦанко Лалев
260 _9209439
_aПловдив
_bХермес
_c2023
300 _a301 с.
_c21 см
380 _aX
856 _i0.00
_ldisable
942 _cKNG
_n0
_030
944 _a30529
_cДиана Гривева
_k30530
_lМинев Младен
999 _c498476
_d498476